Derecho disciplinario de la abogacía (Registro nro. 319290)

Detalles MARC
000 -ENCABEZADO
Número de control [NR] 00846nam a22002297a 4500
005 - FECHA Y HORA DE LA ÚLTIMA TRANSACCIÓN
control field 20210906103218.0
008 - DE LONGITUD FIJA DE DATOS DE ELEMENTOS - INFORMACIÓN GENERAL
Elementos de longitud fija [NR] 210903s2012 ck |||gr|||| 00| 0 spa d
020 ## - NUMERO INTERNACIONAL NORMALIZADO PARA LIBROS [R]
Número Internacional Normalizado del libro [NR] 9789588450919
040 ## - FUENTE DE CATALOGACION [NR]
Agencia de catalogación original [NR] CO-BoUCM
Quien Cataloga Deissy Garcia
Quien Clasifica Deissy Garcia
041 0# - CODIGO DE IDIOMA [R]
Código de idioma para texto/pista de sonido o título separado [R] Español
100 ## - ASIENTO PRINCIPAL--NOMBRE PERSONAL [NR]
Nombre personal [NR] Vergara Molano, Alberto
ID Autoridad 105357
245 ## - MENCION DE TITULO [NR]
Título [NR] Derecho disciplinario de la abogacía
Parte restante del título [NR] la ilicitud sustancial
Mención de responsabilidad, etc. [NR] Alberto Vergara Molano
260 ## - PUBLICACION, DISTRIBUCION, ETC. (PIE DE IMPRENTA) [R]
Lugar de publicación, distribución, etc. [R] Bogotá
Nombre del editor, distribuidor, etc. [R] Nueva Jurídica
Fecha de publicación, distribución, etc. [R] 2012
300 ## - DESCRIPCION FISICA [R]
Extensión [R] 402 páginas
490 0# - MENCION DE SERIE [R]
Mención de serie [R] Derecho disciplinario
504 ## - NOTA DE BIBLIOGRAFIA, ETC. [R]
Nota de bibliografía, etc. [NR] Incluye referencias bibliográficas
650 #7 - ASIENTO SECUNDARIO DE MATERIA - TERMINO TEMATICO [R]
Término temático o nombre geográfico como elemento de entrada [NR] Derecho disciplinario
Subdivisión geográfica [R] Colombia
9 (RLIN) 105425
650 #7 - ASIENTO SECUNDARIO DE MATERIA - TERMINO TEMATICO [R]
Término temático o nombre geográfico como elemento de entrada [NR] Proceso disciplinario
Subdivisión geográfica [R] Colombia
9 (RLIN) 35080
650 #7 - ASIENTO SECUNDARIO DE MATERIA - TERMINO TEMATICO [R]
Término temático o nombre geográfico como elemento de entrada [NR] Abogados
Subdivisión general [R] Responsabilidad profesional
Subdivisión geográfica [R] Colombia
9 (RLIN) 105426
942 ## - ELEMENTOS DE ENTRADA AGREGADOS (KOHA)
Sistema de clasificación DEWEY
Tema principal Derecho
Tipo de ítem principal el descrito en 300a Libro
Edición 1
Clasificación 342.068
Parte restante de la signatura top. V494d
Título oculto en OPAC No
Existencias
Fecha de último préstamo Total préstamos Total Renewals Signatura topográfica Código de barras Última vez visto Ejemplar Costo de reposición Price effective from Tipo de ítem Perdido Sistema de clasificación Dañado No prestable Tipo de ítem específico Suprimido Ubicación habitual Ubicación actual Localización Fecha de creación Forma de adquisición
18/06/2025 1 1 342.068 V494d 100167713 05/12/2025 Ej.1 26000.00 03/09/2021 Libro   DEWEY     Libro   Claustro Claustro 3er piso 03/09/2021 Donación